| 000 | 00982nam a2200277 a 4500 | ||
|---|---|---|---|
| 001 | 67420 | ||
| 003 | BD-RjUL | ||
| 005 | 20211209081644.0 | ||
| 008 | 170325s2000 enkab b 001 0 eng | ||
| 020 | _a0471971936 | ||
| 035 | _a(BD-RjUL)67551 | ||
| 040 |
_aDLC _cDLC _dBD-RjUL _beng |
||
| 041 | _aeng | ||
| 082 | 0 | 0 |
_a551.41 _223 _bGEO 2000 |
| 245 | 0 | 0 |
_aGeomorphology and global tectonics / _cedited by Michael A. Summerfield. |
| 260 |
_aNew York : _bWiley, _cc2000. |
||
| 300 |
_axvi, 367 p. : _bill. (some col.), maps (some col.) ; _c26 cm. |
||
| 504 | _aIncludes bibliographical references and index. | ||
| 650 | 0 |
_aGeomorphology. _9199761 |
|
| 650 | 0 |
_aMorphotectonics. _9199762 |
|
| 700 | 1 |
_aSummerfield, M. A. _q(Michael A.) _9199763 |
|
| 856 | 4 | 2 |
_3Publisher description _uhttp://www.loc.gov/catdir/description/wiley032/98043167.html |
| 856 | 4 |
_3Table of Contents _uhttp://www.loc.gov/catdir/toc/onix02/98043167.html |
|
| 942 |
_2ddc _cBK |
||
| 999 |
_c67420 _d67420 |
||